000 00538nam a22001937a 4500
003 KOHA_MİRAKIL
005 20240930101039.0
008 240929b2009 tu ||||| |||| 00| 0 tur d
020 _a9789755394763
040 _aTR-AnABB
_btur
_cTR-AnABB
041 _atur
082 _a823.914
_bBAR 2009
100 _aBarnes, Julian,
_d1946-.
245 0 _aArthur ve George /
_cJulian Barnes.
260 _aİstanbul :
_bAyrıntı Yayınları,
_c2009.
300 _a452 sayfa ;
_c20 cm.
650 _aİngiliz edebiyatı, roman
942 _2ddc
_cBK
999 _c3278
_d3278